[Event "Irkutsk Veda"]
[Site "Irkutsk"]
[Date "2015.08.10"]
[Round "3"]
[White "Demikhov, Maxim"]
[Black "Bychkov, Vladimir"]
[Result "0-1"]
[WhiteElo "1978"]
[BlackElo "2032"]
[PlyCount "44"]
[EventDate "2015.08.08"]
[EventType "swiss"]
[EventRounds "9"]
[EventCountry "RUS"]
[SourceTitle "EXT 2018"]
[Source "ChessBase"]
[SourceDate "2017.10.13"]
[SourceVersion "1"]
[SourceVersionDate "2017.10.13"]
[SourceQuality "1"]

1. e4 e6 2. d4 d5 3. Nd2 Nf6 4. e5 Nfd7 5. Bd3 c5 6. c3 Nc6 7. Ne2 Qb6 8. Nf3 cxd4 9. cxd4 f6 10. exf6 Nxf6 11. 0-0 Bd6 12. a3 0-0 13. Nc3 Bd7 14. b4 Be8 15. Nb5 Bb8 16. Be3 Bh5 17. Be2 Bxf3 18. gxf3 Nh5 19. f4 Nxf4 20. Bxf4 Rxf4 21. Bd3 Qd8 22. Qh5 Rh4 0-1

[Event "Irkutsk Region-ch"]
[Site "Irkutsk"]
[Date "2012.10.21"]
[Round "3"]
[White "Obolenskikh, Dmitry Aleksandrovi"]
[Black "Demikhov, Maxim"]
[Result "1-0"]
[WhiteElo "2496"]
[BlackElo "1938"]
[PlyCount "85"]
[EventDate "2012.10.19"]
[EventType "tourn"]
[EventRounds "13"]
[EventCountry "RUS"]
[SourceTitle "EXT 2014"]
[Source "ChessBase"]
[SourceDate "2013.11.20"]
[SourceVersion "1"]
[SourceVersionDate "2013.11.20"]
[SourceQuality "1"]

1. e4 c5 2. Nf3 e6 3. d4 cxd4 4. Nxd4 a6 5. Bd3 Nf6 6. 0-0 d6 7. c4 Be7 8. Nc3 Nbd7 9. b3 Qc7 10. Bb2 b6 11. Qe2 Bb7 12. Kh1 h5 13. Rae1 h4 14. Nd5 Qd8 15. Nxe7 Qxe7 16. Bb1 Nh5 17. Qd2 Ne5 18. Kg1 g5 19. f3 Rg8 20. h3 0-0-0 21. Nc2 g4 22. fxg4 Ng3 23. Rf4 Ng6 24. Bf6 Qd7 25. Bxd8 Rxd8 26. g5 Nxf4 27. Qxf4 Nxe4 28. Rxe4 Bxe4 29. Qxe4 d5 30. Qxh4 dxc4 31. Qxc4+ Kb8 32. Ne3 Qd2 33. Nf1 Qxg5 34. Qxa6 Qc5+ 35. Kh1 f5 36. Qe2 Qc1 37. Bd3 Qc3 38. Bc4 e5 39. Qf2 Rd4 40. Qxf5 Rf4 41. Qd7 Qe1 42. Kh2 Rd4 43. Bd5 1-0

[Event "SibFR-ch U16"]
[Site "Tomsk"]
[Date "2008.11.02"]
[Round "2"]
[White "Demikhov, Maxim"]
[Black "Bublei, Pavel"]
[Result "1-0"]
[WhiteElo "1969"]
[BlackElo "2152"]
[PlyCount "41"]
[EventDate "2008.11.01"]
[EventType "swiss"]
[EventRounds "9"]
[EventCountry "RUS"]
[SourceTitle "EXT 2022"]
[Source "ChessBase"]
[SourceDate "2021.10.06"]
[SourceVersion "1"]
[SourceVersionDate "2021.10.06"]
[SourceQuality "1"]

1. d4 Nf6 2. Nf3 d5 3. c4 e6 4. Nc3 c6 5. Bg5 h6 6. Bh4 dxc4 7. e4 b5 8. e5 g5 9. Nxg5 hxg5 10. Bxg5 Nbd7 11. Qf3 Bb7 12. Bxf6 Nxf6 13. Qxf6 Rh4 14. Qxd8+ Rxd8 15. g3 Rhxd4 16. Bg2 Rd2 17. Ne4 Rxb2 18. Nf6+ Ke7 19. Ng8+ Kd7 20. 0-0-0+ Kc7 21. Kxb2 1-0

[Event "Berdsk Maestro op 14th"]
[Site "Berdsk"]
[Date "2008.07.13"]
[Round "6"]
[White "Demikhov, Maxim"]
[Black "Egorov, Nikolay B"]
[Result "1-0"]
[WhiteElo "1928"]
[BlackElo "2049"]
[PlyCount "62"]
[EventDate "2008.07.08"]
[EventType "swiss"]
[EventRounds "9"]
[EventCountry "RUS"]
[SourceTitle "CBM 125 Extra"]
[Source "ChessBase"]
[SourceDate "2008.09.01"]
[SourceVersion "1"]
[SourceVersionDate "2008.09.01"]
[SourceQuality "1"]

1. d4 Nf6 2. c4 g6 3. Nc3 Bg7 4. e4 d6 5. Bd3 0-0 6. Nge2 e5 7. d5 Nbd7 8. Ng3 Nc5 9. h4 c6 10. h5 cxd5 11. cxd5 Nxd3+ 12. Qxd3 Bd7 13. f3 Rc8 14. Be3 a6 15. Qd2 b5 16. a3 Rc4 17. Bh6 a5 18. Nf5 Bxf5 19. exf5 Rd4 20. Qe3 Nxd5 21. Nxd5 Rxd5 22. Bxg7 Kxg7 23. hxg6 fxg6 24. Qa7+ Kf6 25. Rxh7 Kxf5 26. Qg7 Qe8 27. Rd1 Rxd1+ 28. Kxd1 Ke6 29. Qb7 a4 30. Rg7 Rf4 31. Ke2 Rc4 1-0